[Event "Sarajevo Bosna op-B 43rd"]
[Site "Sarajevo"]
[Date "2013.06.07"]
[Round "8"]
[White "Konjicanin, Muris"]
[Black "Petrovic, Marija"]
[Result "1-0"]
[WhiteElo "2286"]
[BlackElo "2121"]
[PlyCount "120"]
[EventDate "2013.06.01"]
[EventType "swiss"]
[EventRounds "9"]
[EventCountry "BIH"]
[SourceTitle "CBM 154 Extra"]
[Source "ChessBase"]
[SourceDate "2013.06.25"]
[SourceVersion "2"]
[SourceVersionDate "2013.06.25"]
[SourceQuality "1"]

1. d4 d6 2. Nf3 Nf6 3. c4 Bf5 4. Nc3 c6 5. g3 Nbd7 6. Bg2 e5 7. 0-0 Be7 8. Nh4 Bg6 9. Nxg6 hxg6 10. b3 Qa5 11. Bb2 g5 12. dxe5 Nxe5 13. Qd2 Ned7 14. Rfd1 Qf5 15. Qd3 Qe6 16. Ne4 Nxe4 17. Qxe4 Qxe4 18. Bxe4 Nf6 19. Bg2 g4 20. Rd3 0-0-0 21. Rad1 Rd7 22. Ba3 Ne8 23. Bb2 Bf6 24. Bxf6 Nxf6 25. Rxd6 Rxd6 26. Rxd6 Kc7 27. Rd2 a5 28. f3 Kb6 29. fxg4 Nxg4 30. Rd7 Rf8 31. Re7 Nh6 32. Be4 Ng8 33. c5+ Ka7 34. Rd7 Nf6 35. Rd4 Re8 36. Bf3 Re5 37. Rd8 Re7 38. Rd4 Re5 39. Rc4 Nd7 40. Ra4 Rxc5 41. b4 Re5 42. bxa5 Ka6 43. h4 Nf6 44. g4 Ng8 45. Kf2 f6 46. Kg3 Nh6 47. h5 Nf7 48. Re4 Rxe4 49. Bxe4 Kxa5 50. Kf4 Kb4 51. Bb1 Nd6 52. e4 Nc4 53. Kf5 Nd2 54. Kg6 Nxb1 55. Kxg7 c5 56. h6 c4 57. h7 c3 58. h8Q b5 59. Kxf6 c2 60. Qh6 Kc3 1-0